Welcome to Marium Abdulla Library

Embrace knowledge with a breath of fresh air.

Browse Collection

Marium Abdulla Library

Perpetual Inventory: (Record no. 9734)

MARC details
000 -LEADER
fixed length control field 02921cam a2200421 a 4500
001 - CONTROL NUMBER
control field 9909
003 - CONTROL NUMBER IDENTIFIER
control field OSt
005 - DATE AND TIME OF LATEST TRANSACTION
control field 20260407131732.0
008 - FIXED-LENGTH DATA ELEMENTS--GENERAL INFORMATION
fixed length control field 090714s2010 maua b 001 0 eng
010 ## - LIBRARY OF CONGRESS CONTROL NUMBER
LC control number 2009028899
015 ## - NATIONAL BIBLIOGRAPHY NUMBER
National bibliography number GBB021660
Source bnb
016 7# - NATIONAL BIBLIOGRAPHIC AGENCY CONTROL NUMBER
Record control number 015483346
Source Uk
020 ## - INTERNATIONAL STANDARD BOOK NUMBER
International Standard Book Number 9780262013802
Qualifying information hardcover : alk. paper
020 ## - INTERNATIONAL STANDARD BOOK NUMBER
International Standard Book Number 0262013800
Qualifying information hardcover : alk. paper
035 ## - SYSTEM CONTROL NUMBER
System control number 15816174
035 ## - SYSTEM CONTROL NUMBER
System control number (OCoLC)426390881
040 ## - CATALOGING SOURCE
Original cataloging agency DLC
Transcribing agency DLC
Modifying agency YDX
-- UKM
-- YDXCP
-- BWX
-- ERASA
-- CDX
-- UWW
-- DLC
050 00 - LIBRARY OF CONGRESS CALL NUMBER
Classification number N6490
Item number .K73 2010
082 00 - DEWEY DECIMAL CLASSIFICATION NUMBER
Classification number 709.04 KRA
Edition information 22
Item number 9909
100 1# - MAIN ENTRY--PERSONAL NAME
Personal name Krauss, Rosalind E.
245 10 - TITLE STATEMENT
Title Perpetual Inventory:
Statement of responsibility, etc. by Rosalind E. Krauss.
260 ## - PUBLICATION, DISTRIBUTION, ETC.
Place of publication, distribution, etc. London
Name of publisher, distributor, etc. MIT Press,
Date of publication, distribution, etc. c2010.
300 ## - PHYSICAL DESCRIPTION
Extent xiv, 306 p. :
Other physical details ill. ;
Dimensions 24 cm.
336 ## - CONTENT TYPE
Content type term text
Content type code txt
Source rdacontent
337 ## - MEDIA TYPE
Media type term unmediated
Media type code n
Source rdamedia
338 ## - CARRIER TYPE
Carrier type term volume
Carrier type code nc
Source rdacarrier
500 ## - GENERAL NOTE
General note An October book.
504 ## - BIBLIOGRAPHY, ETC. NOTE
Bibliography, etc. note Includes bibliographical references and index.
505 0# - FORMATTED CONTENTS NOTE
Formatted contents note I. Post-medium Condition -- II. Medium -- III. Art Criticism -- IV. Apostate -- V. Formless -- VI. Subject of the Sign.
520 ## - SUMMARY, ETC.
Summary, etc. In essays that span three decades, one of contemporary art's most esteemed critics celebrates artists who have persevered in the service of a medium.The job of an art critic is to take perpetual inventory, constantly revising her ideas about the direction of contemporary art and the significance of the work she writes about. In these essays, which span three decades of assessment and reassessment, Rosalind Krauss considers what she has come to call the "post-medium condition"-the abandonment by contemporary art of the modernist emphasis on the medium as the source of artistic significance. Jean-Fran ois Lyotard argued that the postmodern condition is characterized by the end of a "master narrative," and Krauss sees in the post-medium condition of contemporary art a similar farewell to coherence. The master narrative of contemporary art ended when conceptual art and other contemporary practices jettisoned the specific medium in order to juxtapose image and written text in the same work. For Krauss, this spells the end of serious art, and she devotes much of Perpetual Inventory to "wrest ling new media to the mat of specificity." Krauss also writes about artists who are reinventing the medium, artists who persevere in the service of a nontraditional medium ("strange new apparatuses" often adopted from commercial culture), among them Ed Ruscha, Christian Marclay, William Kentridge, and James Coleman.
650 #0 - SUBJECT ADDED ENTRY--TOPICAL TERM
Topical term or geographic name entry element Art, Modern
Chronological subdivision 20th century.
-- 21st century.
650 #0 - SUBJECT ADDED ENTRY--TOPICAL TERM
Topical term or geographic name entry element Art criticism.
Form subdivision History & Theory
650 #0 - SUBJECT ADDED ENTRY--TOPICAL TERM
Topical term or geographic name entry element postmodernism
906 ## - LOCAL DATA ELEMENT F, LDF (RLIN)
a 7
b cbc
c orignew
d 1
e ecip
f 20
g y-gencatlg
942 ## - ADDED ENTRY ELEMENTS (KOHA)
Source of classification or shelving scheme Dewey Decimal Classification
Koha item type Book
Suppress in OPAC No
Holdings
Date last seen Total checkouts Full call number Barcode Price effective from Koha item type Lost status Damaged status Not for loan Collection Withdrawn status Home library Current library Shelving location Date acquired Source of acquisition Cost, normal purchase price
10/26/2021   709.04 KRA 9909 10/26/2021 Book       Fine Arts   Marium Abdulla Library Marium Abdulla Library Non-Ref 02/02/2011 Readings Books/Adeela Suleman 2500.00